Pittsburgh Steelers Season Records - Statistics

General Stats
  • This quiz has been taken 45 times
    11 since last reset
  • The average score is 56 of 93
Answer Stats
Year Answer % Correct
2025 Winning
100%
2024 Winning
100%
2023 Winning
100%
2022 Winning
100%
2021 Winning
100%
2020 Winning
100%
2003 Losing
91%
2019 Tied
91%
2018 Winning
91%
2017 Winning
91%
2016 Winning
91%
2015 Winning
91%
2014 Winning
91%
2011 Winning
91%
2010 Winning
91%
2009 Winning
91%
2008 Winning
91%
2007 Winning
91%
2005 Winning
91%
2004 Winning
91%
2013 Tied
82%
2012 Tied
82%
2006 Tied
82%
2002 Winning
82%
1999 Losing
64%
1998 Losing
64%
2001 Winning
64%
2000 Winning
64%
1997 Winning
64%
1996 Winning
64%
1995 Winning
64%
1991 Losing
55%
1988 Losing
55%
1986 Losing
55%
1985 Losing
55%
1971 Losing
55%
1970 Losing
55%
1969 Losing
55%
1968 Losing
55%
1967 Losing
55%
1966 Losing
55%
1965 Losing
55%
1964 Losing
55%
1961 Losing
55%
1960 Losing
55%
1994 Winning
55%
1993 Winning
55%
1992 Winning
55%
1990 Winning
55%
1989 Winning
55%
1987 Winning
55%
1984 Winning
55%
1983 Winning
55%
1982 Winning
55%
1980 Winning
55%
1979 Winning
55%
1978 Winning
55%
1977 Winning
55%
1976 Winning
55%
1975 Winning
55%
1974 Winning
55%
1973 Winning
55%
1972 Winning
55%
1963 Winning
55%
1962 Winning
55%
1959 Winning
55%
1958 Winning
55%
1956 Losing
45%
1955 Losing
45%
1954 Losing
45%
1952 Losing
45%
1951 Losing
45%
1948 Losing
45%
1981 Tied
45%
1957 Tied
45%
1953 Tied
45%
1950 Tied
45%
1949 Winning
45%
1947 Winning
45%
1945 Losing
36%
1944 Losing
36%
1941 Losing
36%
1946 Tied
36%
1943 Winning
36%
1942 Winning
36%
1940 Losing
27%
1939 Losing
27%
1938 Losing
27%
1937 Losing
27%
1935 Losing
27%
1934 Losing
27%
1933 Losing
27%
1936 Tied
27%
No matching quizzes found
Score Distribution
Percent of People with Each Score
Percentile by Number Answered
Your Score History
You have not taken this quiz since the last reset